000 00702pam a2200253 a 4500
001 2942976
003 OSt
005 20160504144003.0
008 901126s1991 nyu 001 0 eng
010 _a 90025847
020 _a0812045394
040 _aSEKU
050 0 0 _aRJ 253
_b.S4
082 0 0 _a649/.122
_220
100 1 _aSears, William,
_cM.D.
245 1 0 _aKeys to preparing & caring for your newborn /
_cWilliam Sears.
260 _aNew York :
_bBarron's,
_c1991.
300 _a170 p. ;
_c21 cm.
440 0 _aBarron's parenting keys
500 _aIncludes index.
650 0 _aNewborn infants
_xCare.
740 0 _aKeys to preparing and caring for your newborn.
942 _2lcc
_cGEN
999 _c13274
_d13274